Statistics for US States by Most Common Non-Christian Religion

Click here to take the quiz!

General Stats

  • This quiz has been taken 44 times
  • The average score is 40 of 50

Answer Stats

StatePercent of Total PopulationReligion% Correct
Alabama0.2Judaism
97%
Arizona2Judaism
92%
Arkansas2Islam
89%
California2Judaism
89%
Colorado1Judaism
89%
Connecticut3Judaism
89%
Delaware3Judaism
89%
Alaska0.5Judaism
89%
Florida3Judaism
86%
Georgia1Judaism
86%
Kansas1 EachIslam/Buddhism
84%
New Hampshire2Judaism
84%
New Jersey6Judaism
84%
Kentucky0.3Islam
84%
Illinois2Judaism
84%
Iowa1Islam
84%
Indiana1Judaism
84%
Idaho0.5Islam
84%
Nevada2Judaism
84%
Ohio1Judaism
81%
North Dakota~1Islam
81%
North Carolina1Judaism
81%
New York7Judaism
81%
Oregon2Judaism
81%
Oklahoma<0.1Islam
78%
Maryland3Judaism
78%
Mississippi0.5Judaism
78%
Minnesota1Judaism
78%
Michigan1Judaism
78%
Massachusetts3Judaism
78%
Rhode Island1Judaism
78%
Maine2Judaism
78%
Texas1Judaism
78%
Virginia1Judaism
76%
Washington1Judaism
76%
Vermont2Judaism
76%
West Virginia1Judaism
76%
Wisconsin0.5Judaism
76%
Montana1Buddhism
76%
Missouri1Buddhism
76%
Hawaii8Buddhism
76%
South Dakota0.2Islam
73%
Louisiana1Buddhism
73%
Tennessee1Islam
70%
Pennsylvania1Hinduism
70%
New Mexico1Buddhism
70%
Nebraska1Hinduism
68%
Utah1Buddhism
65%
Wyoming1Buddhism
62%
South Carolina<0.1Baha'i
32%

Score Distribution

Percentile by Number Answered

Percent of People with Each Score

Your Score History

You have not taken this quiz